000 00844nam a2200253Ia 4500
003 OSt
005 20221005112454.0
006 a|||||r|||| 00| 0
007 ta
008 221004b |||||||| |||| 00| 0 pan d
020 _a9789350177653 (hbk)
_c300
024 _a3786
037 _b746, 12/03/2013, Bright Book Service
_cTextual
040 _aCRL
_cCRL
_bpan
041 _2pan
_apan
082 _aO153,3NSI,GS, Q1
100 _aਸਿੰਘ, ਦਰFਨ
245 0 _aਗੈਲਰੀ Fਹੀਦਾਂ
260 _aਚੰਡੀਗੜ
_bਲੋਕਗੀਤ ਪ੍ਰਕਾFਨ ਭਾਰਤ
_c2011
300 _a282ਪੰ
_ccm.
650 _aਪੰਜਾਬੀ ਸਾਹਿਤ
942 _hO153,3NSI,GS, Q1
_cTEXL
_2cc
999 _c1024993
_d1024993